• 首页
  • 本馆介绍
  • 公告通知
  • 最新文献
  • 馆藏检索
  • 电子资源
  • 读者导购
  • 参考咨询
  • 我的图书馆
  • 登录
  • 详细信息显示
  • 放入我的书架
  • 预约/预借图书
  • 作者相关作品
  • 分类相关作品
  • 丛书相关作品
  • 出版社相关作品

书目信息

  • 表格格式
  • 工作单格式
  • 卡片格式
书名: Representation and exchange of knowledge as
作者: edited by Hans J. Dietschmann
分册号:
分册名:
出版地: Amsterdam ;
 
出版社: North-Holland
出版时间: 1984.
页数: xii, 433 p. :
开本: 23 cm.
丛书名:
中图分类号:
科图分类号:
其他分类号: G350
主题词:
电子资源:
000 01753nam 2200349 a 4500
001 E0730426759
005 20070226083355.70
008 uu
008 10110 eng
010    @a84010337 //r91
020    @a0444875638 (U.S.).
040    @aDLC @cDLC @dDLC
049    @aN5LA
050 00 @aZ672.5 @b.I58 1983
082 00 @a020 @219
090    @a2-85/G350-53/I61/////////466648
090    @aG350
096    @aG350-53 @v2
099    @dG350@ex1
111 20 @aInternational Research Forum in Information Science @n(5th : @d1983 : @cHeidelberg, Germany)
245 10 @aRepresentation and exchange of knowledge as :@bproceedings of the Fifth International Research Forum in Information Science (IRFIS 5), Heidelberg, F.R.G., September 5-7, 1983 ... / @cedited by Hans J. Dietschmann
260 0  @aAmsterdam ;@aNew York :@bNorth-Holland ;@aNew York, N.Y., U.S.A. :@bSole distributors for the U.S.A. and Canada, Elsevier Science Pub. Co.,@c1984.
300    @axii, 433 p. :@bill. ;@c23 cm.
500    @aForum sponsored by the Deutsche Gesellschaft für Dokumentation e.V. (DGD) Sektion Informationswissenschaft and the Gesellschaft für Information und Dokumentation mbH (GID).
504    @aIncludes bibliographies and index.
650  0 @aInformation storage and retrieval systems @xCongresses.
650  0 @aKnowledge representation (Information theory) @xCongresses.
650  0 @aInformation science @xCongresses.
700 10 @aDietschmann, Hans J., @d1939-
710 20 @aGesellschaft für Information und Dokumentation. @b00 @c20020930 @lNLC09 @h2249 @lNLC09 @h2330 @lNLC09 @h1922
710 20 @aDeutsche Gesellschaft für Dokumentation. @bSektion Informationswissenschaft.
852 9  @bWWJC @cJ08N @k2-85 @hG350-53 @iI61
    
    Representation and exchange of knowledge as : : proceedings of the Fifth International Research Forum in Information Science (IRFIS 5), Heidelberg, F.R.G., September 5-7, 1983 ... / / edited by Hans J. Dietschmann.-Amsterdam ; ; New York : : North-Holland ; ; New York, N.Y., U.S.A. : : Sole distributors for the U.S.A. and Canada, Elsevier Science Pub. Co., , 1984.
    xii, 433 p. : : ill. ; ; 23 cm.
    Forum sponsored by the Deutsche Gesellschaft für Dokumentation e.V. (DGD) Sektion Informationswissenschaft and the Gesellschaft für Information und Dokumentation mbH (GID).-Includes bibliographies and index.
    
    ISBN 0444875638 (U.S.).
    
●
相关链接 在E读中查询图书 在五车中查询图书 在当当中查询图书 在豆瓣中查询图书


正题名:Representation and exchange of knowledge as     索取号:G350/x1         预约/预借

序号 登录号 条形码 馆藏地/架位号 状态 备注
1 181146   001171421   第二样本阅览室/ [索取号:G350/x1] 在馆    
2 181147   001171430   第四借阅区/ [索取号:G350/x1] 在馆    
3 181148   001171449   第四借阅区/ [索取号:G350/x1] 在馆    
唐山师范学院图书馆 欢迎您!
大连网信软件有限公司© 版权所有